<?xml version="1.0" encoding="UTF-8"?>
<record
    xmlns:xsi="http://www.w3.org/2001/XMLSchema-instance"
    xsi:schemaLocation="http://www.loc.gov/MARC21/slim http://www.loc.gov/standards/marcxml/schema/MARC21slim.xsd"
    xmlns="http://www.loc.gov/MARC21/slim">

  <leader>00519    a2200181   4500</leader>
  <controlfield tag="003">OSt</controlfield>
  <controlfield tag="005">20260305142844.0</controlfield>
  <controlfield tag="008">260305b        |||||||| |||| 00| 0 eng d</controlfield>
  <datafield tag="020" ind1=" " ind2=" ">
    <subfield code="a">9789364879965</subfield>
  </datafield>
  <datafield tag="040" ind1=" " ind2=" ">
    <subfield code="c">oclc</subfield>
  </datafield>
  <datafield tag="082" ind1=" " ind2=" ">
    <subfield code="a">894.812301</subfield>
    <subfield code="b">ECH/D</subfield>
  </datafield>
  <datafield tag="100" ind1=" " ind2=" ">
    <subfield code="a">Echikkanam, Santhosh</subfield>
    <subfield code="9">7895</subfield>
  </datafield>
  <datafield tag="245" ind1=" " ind2=" ">
    <subfield code="a">DESHEEYAMRUGAM /</subfield>
    <subfield code="c">Santhosh Echikkanam</subfield>
  </datafield>
  <datafield tag="250" ind1=" " ind2=" ">
    <subfield code="a">2nd Ed.</subfield>
  </datafield>
  <datafield tag="260" ind1=" " ind2=" ">
    <subfield code="a">Kottayam:</subfield>
    <subfield code="b">D C Books.</subfield>
    <subfield code="c">2025,</subfield>
  </datafield>
  <datafield tag="300" ind1=" " ind2=" ">
    <subfield code="a">125 PAGES</subfield>
  </datafield>
  <datafield tag="942" ind1=" " ind2=" ">
    <subfield code="2">ddc</subfield>
    <subfield code="c">BK</subfield>
    <subfield code="h">894.812301</subfield>
    <subfield code="i">ECH/D</subfield>
    <subfield code="k">894.812301</subfield>
    <subfield code="m">ECH/D</subfield>
  </datafield>
  <datafield tag="952" ind1=" " ind2=" ">
    <subfield code="0">0</subfield>
    <subfield code="1">0</subfield>
    <subfield code="2">ddc</subfield>
    <subfield code="4">0</subfield>
    <subfield code="7">0</subfield>
    <subfield code="8">SS</subfield>
    <subfield code="a">MES</subfield>
    <subfield code="b">MES</subfield>
    <subfield code="c">MAL</subfield>
    <subfield code="d">2026-03-05</subfield>
    <subfield code="g">180.00</subfield>
    <subfield code="l">0</subfield>
    <subfield code="o">894.812301 ECH/D</subfield>
    <subfield code="p">46094</subfield>
    <subfield code="r">2026-03-05 14:26:19</subfield>
    <subfield code="v">180.00</subfield>
    <subfield code="w">2026-03-05</subfield>
    <subfield code="y">BK</subfield>
    <subfield code="z">GR30R2</subfield>
  </datafield>
  <datafield tag="999" ind1=" " ind2=" ">
    <subfield code="c">44630</subfield>
    <subfield code="d">44630</subfield>
  </datafield>
</record>
